Introduction to linear system theory (Record no. 3879)

000 -LEADER
fixed length control field 00636nam a2200217 4500
001 - CONTROL NUMBER
control field 3879
003 - CONTROL NUMBER IDENTIFIER
control field BD-DhUET
008 - FIXED-LENGTH DATA ELEMENTS--GENERAL INFORMATION
fixed length control field 700918s1970 nyua b 001 0 eng
020 ## - INTERNATIONAL STANDARD BOOK NUMBER
International Standard Book Number 030771552
040 ## - CATALOGING SOURCE
Original cataloging agency DLC
Transcribing agency DLC
Modifying agency BD-DhUET
082 00 - DEWEY DECIMAL CLASSIFICATION NUMBER
Classification number 620.7
Item number CHE/1970
100 ## - MAIN ENTRY--PERSONAL NAME
Personal name Chen, Chi-Tsong
245 10 - TITLE STATEMENT
Title Introduction to linear system theory
250 ## - EDITION STATEMENT
Edition statement 1st ed.
260 ## - PUBLICATION, DISTRIBUTION, ETC. (IMPRINT)
Place of publication, distribution, etc. New York
Name of publisher, distributor, etc. Holt, Rinehart and Winston
Date of publication, distribution, etc. 1970
300 ## - PHYSICAL DESCRIPTION
Extent xvi,431p.
Other physical details ill.
Dimensions 25 cm.
490 0# - SERIES STATEMENT
Series statement Holt, Rinehart and Winston series in electrical engineering, electronics and systems
504 ## - BIBLIOGRAPHY, ETC. NOTE
Bibliography, etc Includes bibliographies
650 #0 - SUBJECT ADDED ENTRY--TOPICAL TERM
Topical term or geographic name as entry element Linear systems
942 ## - ADDED ENTRY ELEMENTS (KOHA)
Koha item type General Book
Holdings
Lost status Piece designation (barcode) Price effective from Location (home branch) Koha normalized classification for sorting Koha date last seen Sublocation or collection (holding branch) Source of classification or shelving scheme Shelving location Damaged status Date acquired Koha item type Copy number Withdrawn status Koha full call number Not for loan
 493252014-11-06Central Library, BUET620_000000000000000_7CHE19702014-11-06Central Library, BUET Circulation section 2014-11-06General Book1 620.7/CHE/1970 
 521342014-11-06Central Library, BUET620_000000000000000_7CHE19702014-11-06Central Library, BUET Circulation section 2014-11-06General Book2 620.7/CHE/1970 
 530552014-11-06Central Library, BUET620_000000000000000_7CHE19702014-11-06Central Library, BUET Circulation section 2014-11-06General Book3 620.7/CHE/1970 
 521352015-01-19Central Library, BUET620_700000000000000_CHE_19702015-01-19Central Library, BUET Circulation section 2015-01-19General Book1 620.7/CHE/1970